000 00594nam a2200229Ia 4500
003 OSt
005 20221006164524.0
006 a|||||r|||| 00| 0
007 ta
008 221006b |||||||| |||| 00| 0 hin d
024 _a3,977
037 _cTextual
040 _aFML
_cFML
_bhin
041 _2hin
_ahin
082 _aNRV52, K5 - ; 4
100 _aKhan Bheekhan
_9677679
245 0 _aSitar Darpan
260 _aHathras
_bSangeet Karyalaya India
_c1977
300 _a383
_ccm.
942 _hNRV52, K5 - ; 4
_cTEXL
_2CC
999 _c1117552
_d1117552